Tvorba 3D reprezentácie skladu z videa zaznamenaného bezpilotným lietajúcim prostriedkom
Salvato in:
| Autore principale: | |
|---|---|
| Altri autori: | |
| Natura: | Manoscritto Libro |
| Lingua: | slovacco |
| Pubblicazione: |
Bratislava :
STU v Bratislave FEI,
2023
|
| Soggetti: | |
| Accesso online: | https://opac.crzp.sk/?fn=detailBiblioFormChildCSGLN&sid=08878EB2E7E37CD0989475C0752B&seo=CRZP-detail-kniha |
| Tags: |
Nessun Tag, puoi essere il primo ad aggiungerne!!
|
MARC
| LEADER | 00000ntm a22000003a 4500 | ||
|---|---|---|---|
| 001 | stuzp91956 | ||
| 003 | SK-STU | ||
| 005 | 20241121141934.6 | ||
| 007 | ta | ||
| 008 | 150427s2015----xo-----f-mn---000-0-slo-d | ||
| 040 | |a STU |b slo | ||
| 041 | 0 | |a slo | |
| 044 | |a xo | ||
| 100 | 1 | |a Škvara, Samuel |u 031000 |4 aut |U FEI Fakulta elektrotechniky a informatiky |T FEI Ústav robotiky a kybernetiky |X 111150 |U E011 |Y 356 |7 111150 | |
| 242 | 0 | 1 | |a Creation of 3D Representation of a Warehouse from a Video Captured by an Unmanned Aerial Vehicle |y eng |
| 245 | 1 | 0 | |a Tvorba 3D reprezentácie skladu z videa zaznamenaného bezpilotným lietajúcim prostriedkom |
| 260 | |a Bratislava : |b STU v Bratislave FEI, |c 2023 | ||
| 300 | |a 38 s. | ||
| 650 | 4 | |a Tvorba 3D modelu z 2D snímkov |2 slo | |
| 650 | 4 | |a bezpilotné lietajúce prostriedky |2 slo | |
| 650 | 4 | |a návrh trajektórie/spôsob snímania skúmaného objektu |2 slo | |
| 650 | 4 | |a NeRF |2 slo | |
| 650 | 4 | |a Creation of 3D model from 2D images |2 eng | |
| 650 | 4 | |a unmanned flying vehicles |2 eng | |
| 650 | 4 | |a design of trajectory/method of scanning the investigation object |2 eng | |
| 650 | 4 | |a NeRF |2 eng | |
| 700 | 1 | |a Štec, Filip |u 031000 |k Z3 |4 ths |U FEI Fakulta elektrotechniky a informatiky |T FEI Ústav robotiky a kybernetiky |X 72520 |U E011 |Y 356 |7 72520 | |
| 856 | 4 | |u https://opac.crzp.sk/?fn=detailBiblioFormChildCSGLN&sid=08878EB2E7E37CD0989475C0752B&seo=CRZP-detail-kniha | |